| 000 | 00488nam a22002057a 4500 | ||
|---|---|---|---|
| 003 | IT-MiCISF | ||
| 005 | 20240530124345.0 | ||
| 008 | 240530b |||||||| |||| 00| 0 eng d | ||
| 040 | _cIT-MiCISF | ||
| 041 | _ait | ||
| 100 |
_aRossi Giovanna _959725 |
||
| 245 | _aLa conciliazione famiglia-lavoro | ||
| 250 | _a"Atlantide", n. 22 | ||
| 260 | _c2011 | ||
| 300 | _app. 53-59 | ||
| 500 | _afamiglia, lavoro, sociologia | ||
| 650 | _alavoro | ||
| 654 | _aarticolo | ||
| 942 | _2ddc | ||
| 999 |
_c360095 _d360097 |
||